| 000 | 01146nam a2200337 i 4500 | ||
|---|---|---|---|
| 001 | 12286 | ||
| 003 | KOSZ 005 | ||
| 005 | 20200415125057.0 | ||
| 008 | 071114s1966 pl a |000 0 pol | ||
| 015 | _aPB 1967/1661 | ||
| 035 | _a(OCoLC)749181326 | ||
| 040 |
_aWA N _cWA N _dKOSZ 005/HR |
||
| 041 | 1 |
_apol _hrus |
|
| 046 | _k1966 | ||
| 080 | _a539.12 | ||
| 100 | 1 |
_aOkun', Lev Borisovič. _eAutor |
|
| 245 | 1 | 0 |
_aSłabe oddziaływanie cząstek elementarnych / _cL. B. Okuń ; [z ros. przeł. Edward Kapuścik i Edward Obryk]. |
| 246 | 1 |
_iTyt. oryg.: _aSlaboe vzaimodejstvie èlementarnyh častic. |
|
| 260 |
_aWarszawa : _bPaństwowe Wydawnictwo Naukowe, _c1966. |
||
| 300 |
_a390, [1] s. : _bil., err. ; _c18 cm. |
||
| 380 | _aKsiążki. | ||
| 388 | _a1901-2000 | ||
| 388 | _a1945-1989 | ||
| 504 | _aBibliogr. | ||
| 658 | _aFizyka i astronomia | ||
| 650 | 4 | _aCząstki elementarne | |
| 700 | 1 |
_aKapuścik, Edward. _eTłumaczenie |
|
| 700 | 1 |
_aObryk, Edward. _eTłumaczenie |
|
| 856 |
_uhttp://koha.tu.koszalin.pl/cgi-bin/koha/opac-detail.pl?biblionumber=12286 _yKatalog online BPK |
||
| 942 |
_2UKD _cKS |
||
| 999 |
_c12286 _d12286 |
||